Historia ilustrada de la aviación/1 / (Registro nro. 10412)

Detalles MARC
000 -LEADER
fixed length control field 00669nam a2200241 a 4500
001 - CONTROL NUMBER
control field 0000415
003 - CONTROL NUMBER IDENTIFIER
control field DO-SdBNP
005 - DATE AND TIME OF LATEST TRANSACTION
control field 20160616111843.0
007 - PHYSICAL DESCRIPTION FIXED FIELD--GENERAL INFORMATION
fixed length control field 0000415
008 - FIXED-LENGTH DATA ELEMENTS--GENERAL INFORMATION
fixed length control field 091125s1981 sp a 000 0 spa d
020 ## - INTERNATIONAL STANDARD BOOK NUMBER
International Standard Book Number 8420105767 (v. 7)
040 ## - CATALOGING SOURCE
Original cataloging agency BPMSU
Language of cataloging spa
Transcribing agency BPMSU
100 ## - MAIN ENTRY--PERSONAL NAME
Personal name Segrelles, Vicente
Dates associated with a name 1940-
245 10 - TITLE STATEMENT
Title Historia ilustrada de la aviación/1 /
Statement of responsibility, etc. Vicente Segrelles
250 ## - EDITION STATEMENT
Edition statement 2da. ed.
260 ## - PUBLICATION, DISTRIBUTION, ETC. (IMPRINT)
Place of publication, distribution, etc. Barcelona :
Name of publisher, distributor, etc. ediciones Afha,
Date of publication, distribution, etc. 1981.
300 ## - PHYSICAL DESCRIPTION
Extent 61 p. :
Other physical details il. ;
Dimensions 32 cm.
490 1# - SERIES STATEMENT
Series statement Enciclopedia juvenil Auriga
Volume/sequential designation 7
830 #0 - SERIES ADDED ENTRY--UNIFORM TITLE
Uniform title Enciclopedia juvenil Auriga
Volume number/sequential designation 7
910 ## - USER-OPTION DATA (OCLC)
User-option data
942 ## - ADDED ENTRY ELEMENTS (KOHA)
Source of classification or shelving scheme Dewey Decimal Classification
Koha item type Libros
956 ## - LOCAL ELECTRONIC LOCATION AND ACCESS (OCLC)
Host name Yngrid Lockward
Access number 10
Existencias
Withdrawn status Lost status Source of classification or shelving scheme Damaged status Not for loan Collection code Home library Current library Date acquired Source of acquisition Total Checkouts Barcode Date last seen Price effective from Koha item type
    Dewey Decimal Classification       Biblioteca Pública Metropolitana Salomé Ureña Biblioteca Pública Metropolitana Salomé Ureña 06/16/2016 Donación   BPMSU16060218 06/16/2016 06/16/2016 Libros